000 00491nam a22001457a 4500
003 IT-RoPau
005 20220918175939.0
008 130129b xxu||||| |||| 00| 0 eng d
040 _cIT-RoPau
100 _aCommissione centrale Famiglia Paolina
_9296
245 _aGiubilei della Famiglia Paolina 2005
_b" Voi siete ai piedi di una grande montagna. Guardate... il vostro orizzonte รจ il mondo intero".
260 _aRoma
_bFamiglia Paolina
_c2005
300 _a8 p.
_c21 cm
942 _2ddc
_cMX
999 _c37873
_d37873